000 00636nam a2200241Ia 4500
003 OSt
005 20220918202243.0
006 a|||||r|||| 00| 0
007 ta
008 220917b |||||||| |||| 00| 0 eng d
024 _a99,827
037 _cTextual
040 _aARTS
_cARTS
_beng
041 _2eng
_aeng
082 _aV2:5y7M91, L9
100 _aRaju G Ganni
_9102925
245 0 _aLife of Dr. B R Ambedkar
260 _aHyderabad
_bDr. Ambedkar Memorial Study
_c1979
300 _aviii,3355p.
_ccm.
650 _aHISTORY
942 _hV2:5y7M91, L9
_cTEXL
_2CC
999 _c223388
_d223388